Handbook of groundwater protection
Αποθηκεύτηκε σε:
| Κύριος συγγραφέας: | |
|---|---|
| Συλλογικό Έργο: | , |
| Μορφή: | Βιβλίο |
| Γλώσσα: | English |
| Δημοσίευση: |
New York :
Hemisphere,
1988
|
| Θέματα: | |
| Ετικέτες: |
Προσθήκη ετικέτας
Δεν υπάρχουν, Καταχωρήστε ετικέτα πρώτοι!
|
MARC
| LEADER | 00000nam a2200000 i 4500 | ||
|---|---|---|---|
| 001 | 1/92794 | ||
| 008 | 940304s1988 eng d | ||
| 020 | |a 0-89116-821-4 | ||
| 035 | |l 10008602 | ||
| 040 | |a GR-MY-UA |b gre |e aacr | ||
| 041 | 0 | |a eng | |
| 082 | 0 | |a 628.168 | |
| 100 | 1 | |a Barcelona, Michael J. | |
| 245 | 1 | 0 | |a Handbook of groundwater protection / |c Michael Barcelona ...[et al.] ; Under the direction and authority of Robert S. Kerr Environmental Rechearch Laboratory and Center for Environmental Research Information of the U.S. Environmental Protection Agency |
| 260 | |a New York : |b Hemisphere, |c 1988 | ||
| 300 | |a 212 p. |b fig.; tables | ||
| 500 | |a Includes the complete text of the Environmental Protection Agency technology transfer handbook, groundwater | ||
| 504 | |a Includes bibliographical references and index | ||
| 650 | 0 | 0 | |a Groundwater |x Pollution |z United States. |
| 650 | 0 | 0 | |a Groundwater |z United States |x Quality |x Handbooks, manuals, etc. |
| 650 | 0 | 0 | |a Groundwater |x Law and legislation |z United States |x Handbooks, manuals, etc. |
| 710 | 2 | |a Environmental Research Laboratory and Center |b Environmental Research Information. | |
| 710 | 1 | |a United States |b Environmental Protection Agency. | |
| 852 | |a INST |b LESVOS |e 19940304 |h 628.168 BAR |p 005100006116 |q 005100006116 |t BK |y 0 | ||
| 909 | |a Λ |b 017333 | ||